Identity vs. Foreign Language and Culture in Production of Speech Acts

Saved in:
Bibliographic Details
Main Author: Munková, Daša
Other Authors: Stranovská, Eva, Fráterová, Zuzana, Ďuračková, Beáta
Format: Book Chapter
Language:English
Tags: Add Tag
No Tags, Be the first to tag this record!

MARC

LEADER 00000nla a2200000 4500
001 0181721
005 20240502083428.2
041 0 |a eng 
044 |a GB 
245 1 0 |a Identity vs. Foreign Language and Culture in Production of Speech Acts  |c Daša Munková, Eva Stranovská, Zuzana Fráterová, Beáta Ďuračková 
100 1 |a Munková, Daša 
700 1 |a Stranovská, Eva 
700 1 |a Fráterová, Zuzana 
700 1 |a Ďuračková, Beáta